| 000 | 00510nam a22001697a 4500 | ||
|---|---|---|---|
| 003 | NUST - PNEC | ||
| 005 | 20170116181141.0 | ||
| 008 | 151008b xxu||||| |||| 00| 0 eng d | ||
| 020 | _a0071457798 | ||
| 040 | _cLIBRARY | ||
| 082 | _a650.11 ZEI | ||
| 100 |
_914655 _aZeigler, Kenneth |
||
| 245 |
_aGetting organized at work : 24 lessons to set goals, establish priorities, and manage your time _cKenneth Zeigler, Kenneth |
||
| 260 | _cc2005. | ||
| 650 |
_914663 _aOffice management _xIME |
||
| 942 |
_2ddc _cBK |
||
| 999 |
_c70489 _d70489 |
||